000 00577nam a2200181 a 4500
001 000027196
005 20200930030650.0
008 110330s1988 dr a 000 0 spa d
040 _aDO-SdBNP
_bspa
_cBNPHU
082 _axxxx
_bA345h
245 0 0 _aAlbum-homenaje a la memoria de Luis C. del Castillo.
260 _aSanto Domingo :
_bCorripio,
_c1988.
300 _a89 p. :
_bil. ;
_c15 cm.
490 1 _aLuis Conrado Del Castillo Rodríguez-Objio
500 _aLa biblioteca posee el volumen 4
830 0 _aLuis Conrado Del Castillo Rodríguez-Objio
_954256
049 _aBNPD
999 _c26688
_d26688